LEADER 01501nam0-22003611i-450- 001 990001600530403321 005 20111108103255.0 035 $a000160053 035 $aFED01000160053 035 $a(Aleph)000160053FED01 035 $a000160053 100 $a20030910d1792----km-y0itay50------ba 101 0 $aita 102 $aIT 140 $aa---a---aba--------ybb0000-- 141 $ag--u0ed-$5ITNA0274------------------------------------------------------------------- 200 1 $aRagionamento del Sig. Francesco Mengotti dell'Accademia di Padova presentato alla Real societą economica fiorentina pel concorso al problema del 1791 e da essa premiato nella sessione del di 13. giugno 1792 210 $aFirenze$cpresso Anton-Giuseppe Pagani e compagni stampatori della detta Real societą$d1792 215 $a183, [1] p.$d8° 307 $aFregio xilogr. sul front. 307 $aCors. ; rom 307 $aIniz. xilogr. 307 $aFrontalino xilogr. 316 $aTagli non rifilati$5IT-NA0274: 094.2 C 116 610 0 $aEconomia 700 1$aMengotti,$bFrancesco$f<1749-1830>$05875 801 0$aIT$bUNINA$gRICA$2UNIMARC 901 $aAQ 912 $a990001600530403321 952 $a60 094.2 C 116$b6106$fFAGBC 959 $aFAGBC 996 $aRagionamento del Sig. Francesco Mengotti dell'Accademia di Padova presentato alla Real societą economica fiorentina pel concorso al problema del 1791 e da essa premiato nella sessione del di 13. giugno 1792$9368377 997 $aUNINA LEADER 02433nam 2200421 450 001 9910819878503321 005 20221128110401.0 010 $a1-4422-5966-3 035 $a(CKB)3710000000831058 035 $a(MiAaPQ)EBC4648876 035 $a(EXLCZ)993710000000831058 100 $a20160907h20162016 uy 0 101 0 $aeng 135 $aurcnu|||||||| 181 $2rdacontent 182 $2rdamedia 183 $2rdacarrier 200 14$aThe missile defense agency and the color of money $efewer resources, more responsibility, and a growing budget squeeze /$fprincipal author, Thomas Karako, contributing author, Wes Rumbaugh, Ian Williams 210 1$aLanham, [Maryland] :$cCenter for Strategic & International Studies :$cRowman & Littlefield,$d2016. 210 4$d©2016 215 $a1 online resource (49 pages) $cillustrations, graphs 311 $a1-4422-5965-5 327 $aIntroduction -- MDA's reduced topline -- MDA's expanded role -- Failure to transfer budget responsibility -- Foreign assistance to Israel -- The squeeze on research and development -- Possible paths forward. 330 $a"This study explores the growing competition for scarce dollars at the U.S. Missile Defense Agency (MDA). It traces the authorities, roles, and missions assigned to the agency and the growing trend of using what was originally intended to be a research and development budget for procurement and sustainment of missile defense assets. As adversary missile arsenals develop in both size and sophistication, continued improvements to our current missile defense systems will be required to keep pace with the threat. The combination of an ever-shrinking top line and new roles and missions being assigned to MDA make that task difficult. Finding a new path forward and more clearly defining the position of the agency inside the Department of Defense will be essential for a more sustainable missile defense posture"--Publisher's web site. 606 $aBallistic missile defenses$zUnited States 607 $aUnited States$2fast 615 0$aBallistic missile defenses 676 $a358.1740973 700 $aKarako$b Thomas$01632026 702 $aRumbaugh$b Wes 702 $aWilliams$b Ian 801 0$bMiAaPQ 801 1$bMiAaPQ 801 2$bMiAaPQ 906 $aBOOK 912 $a9910819878503321 996 $aThe missile defense agency and the color of money$93970945 997 $aUNINA